LEADER 01280nam--22003851i-450- 001 990000943350203316 005 20091123115548.0 010 $a88-14-05374-X 035 $a0094335 035 $aUSA010094335 035 $a(ALEPH)000094335USA01 035 $a0094335 100 $a20020204d1995----km-y0ITAy01------ba 101 $aita 102 $aIT 105 $a||||||||001yy 200 1 $aLocazione di immobili ad uso diverso dall'abitazione$e172 problemi risolti con norme e consigli sugli affitti di box, negozi uffici, capannoni e terreni$fFrancesco Tamborrino 205 $a2. ed. 210 $aMilano$cGiuffré$d1995 215 $a131 p$d24 cm 225 2 $aCosa & come$iCasa e territorio 410 $12001$aCosa & come$iCasa e territorio 606 0 $aLocazione 676 $a346.450434 700 1$aTAMBORRINO,$bFrancesco$09567 912 $a990000943350203316 951 $aXXX.B. Coll. 13/ 17(IRA 40 3 A)$b7989 G$cXXX.B. Coll. 13(IRA)$d00188764 959 $aBK 969 $aGIU 979 $aPATTY$b90$c20020204$lUSA01$h1722 979 $c20020403$lUSA01$h1737 979 $aPATRY$b90$c20040406$lUSA01$h1705 979 $aRSIAV1$b90$c20091123$lUSA01$h1155 996 $aLocazione di immobili ad uso diverso dall'abitazione$9636613 997 $aUNISA LEADER 01305nam2-2200385li-450 001 990000213170203316 005 20180312154748.0 010 $a3-540-55770-9 035 $a0021317 035 $aUSA010021317 035 $a(ALEPH)000021317USA01 035 $a0021317 100 $a20001109d1992----km-y0itay0103----ba 101 0 $aeng 102 $aGW 200 1 $aRings with morita duality$fWeimin Xue 210 $aBerlin [etc.]$cSpringer-Verlag$dcopyr. 1992 215 $aX, 167 p.$cill.$d25 cm 225 2 $aLecture notes in mathematics$v1523 410 0$10010021263$12001$aLecture notes in mathematics$ea collection of informal reports and seminars$fedited by A. Dold, Heidelberg and B. Eckmann, Zürich 610 1 $aanelli (matematica) 676 $a5124$9Anelli, campi integrali, ideali 700 1$aXue,$bWeimin$059543 801 $aSistema bibliotecario di Ateneo dell' Università di Salerno$gRICA 912 $a990000213170203316 951 $a510 LNM (1523)$b0014543 CBS$c510$d00110494 959 $aBK 969 $aSCI 979 $c19930224 979 $c20001110$lUSA01$h1714 979 $aALANDI$b90$c20011203$lUSA01$h1514 979 $c20020403$lUSA01$h1629 979 $aPATRY$b90$c20040406$lUSA01$h1615 996 $aRings with Morita duality$978739 997 $aUNISA LEADER 01733oam 2200445M 450 001 9910716422303321 005 20200213070542.6 035 $a(CKB)5470000002521925 035 $a(OCoLC)1065860665 035 $a(OCoLC)995470000002521925 035 $a(EXLCZ)995470000002521925 100 $a20071213d1927 ua 0 101 0 $aeng 135 $aurcn||||||||| 181 $ctxt$2rdacontent 182 $cc$2rdamedia 183 $acr$2rdacarrier 200 10$aConsideration of S. 4808, to establish a Federal Farm Board. February 14, 1927. -- Referred to the House Calendar and ordered to be printed 210 1$a[Washington, D.C.] :$c[U.S. Government Printing Office],$d1927. 215 $a1 online resource (1 pages) 225 1 $aHouse report / 69th Congress, 2nd session. House ;$vno. 2072 225 1 $a[United States congressional serial set] ;$v[serial no. 8690] 300 $aBatch processed record: Metadata reviewed, not verified. Some fields updated by batch processes. 300 $aFDLP item number not assigned. 606 $aAdvisory boards 606 $aAgriculture$xEconomic aspects 606 $aSurplus agricultural commodities 608 $aLegislative materials.$2lcgft 615 0$aAdvisory boards. 615 0$aAgriculture$xEconomic aspects. 615 0$aSurplus agricultural commodities. 701 $aSnell$b Bertrand Hollis$f1870-1958$pRepublican (NY)$01388514 801 0$bWYU 801 1$bWYU 801 2$bOCLCO 801 2$bOCLCQ 906 $aBOOK 912 $a9910716422303321 996 $aConsideration of S. 4808, to establish a Federal Farm Board. February 14, 1927. -- Referred to the House Calendar and ordered to be printed$93548241 997 $aUNINA